[Event "12sen.WM-H Naumburg"]
[Site "Naumburg/Saale(20.10.-03.11.)"]
[Date "2002.10.24"]
[Round "4"]
[White "Burreh, Heinz"]
[Black "Werl, Wolfgang"]
[Result "1-0"]
[WhiteElo "1826"]
[BlackElo "2088"]
[PlyCount "65"]
[EventDate "2002.11.??"]

1. e4 e6 2. d4 d5 3. exd5 exd5 4. c4 c6 5. Nc3 Nf6 6. Nf3 Bg4 7. cxd5 Nxd5 8.
Bc4 Bb4 9. Qd3 O-O 10. O-O Bxc3 11. bxc3 Nd7 12. Re1 Qc7 13. Ne5 Nxe5 14. Rxe5
Qd7 15. Bd2 Rae8 16. Rae1 Rxe5 17. Rxe5 Re8 18. Qg3 Rxe5 19. Qxe5 a6 20. h3 Be6
21. Bb3 f6 22. Qb8+ Qc8 23. Qg3 Kf7 24. c4 Ne7 25. Bb4 Qd7 26. Bxe7 Qxe7 27. d5
Bd7 28. d6 Qe1+ 29. Kh2 Qe5 30. c5+ Be6 31. Qxe5 fxe5 32. d7 Ke7 33. Bxe6 1-0

[Event "12sen.WM-H Naumburg"]
[Site "Naumburg/Saale(20.10.-03.11.)"]
[Date "2002.10.24"]
[Round "4"]
[White "Chehlov, Alexander"]
[Black "Rychlik, Kurt"]
[Result "1-0"]
[WhiteElo "2274"]
[BlackElo "2078"]
[PlyCount "115"]
[EventDate "2002.11.??"]

1. e4 g6 2. d4 Bg7 3. Nc3 c5 4. Nf3 Qa5 5. Be2 Nc6 6. d5 Nd4 7. Bd2 Nxf3+ 8.
Bxf3 d6 9. O-O Nf6 10. a4 a6 11. Nb1 Qc7 12. Bc3 O-O 13. Nd2 Bd7 14. a5 c4 15.
Be2 Bb5 16. f4 e6 17. dxe6 fxe6 18. Kh1 d5 19. Bb4 Rf7 20. e5 Ne8 21. Ra3 Bf8
22. Bxf8 Rxf8 23. Nf3 Ng7 24. Nd4 Bd7 25. Bg4 Rf7 26. Rff3 Raf8 27. g3 h5 28.
Bh3 g5 29. fxg5 Qxe5 30. g6 Rxf3 31. Rxf3 Qe4 32. Bg2 Qxg6 33. Rxf8+ Kxf8 34.
Qe1 Ke8 35. Qe5 Kd8 36. Qb8+ Ke7 37. Qxb7 e5 38. Qb6 Qd6 39. Nf3 Nf5 40. Qf2 e4
41. Nd4 Qe5 42. Nxf5+ Qxf5 43. Qc5+ Kf6 44. c3 Kf7 45. h3 Qe6 46. Kg1 Qc6 47.
Qf2+ Ke7 48. Qd4 Be6 49. g4 hxg4 50. hxg4 Bf7 51. g5 Qg6 52. Qc5+ Ke6 53. Bh3+
Ke5 54. Qc7+ Qd6 55. Qxf7 Qc5+ 56. Qf2 e3 57. Qf6+ Ke4 58. Qf5# 1-0

[Event "12sen.WM-H Naumburg"]
[Site "Naumburg/Saale(20.10.-03.11.)"]
[Date "2002.10.24"]
[Round "4"]
[White "Chernikov, Oleg_L"]
[Black "Kraidman, Yair"]
[Result "1-0"]
[WhiteElo "2464"]
[BlackElo "2314"]
[PlyCount "83"]
[EventDate "2002.11.??"]

1. d4 d5 2. c4 c6 3. e3 Nf6 4. Bd3 g6 5. Nc3 Bg7 6. Nf3 O-O 7. O-O dxc4 8. Bxc4
Nbd7 9. e4 Nb6 10. Be2 Bg4 11. Be3 Ne8 12. Ne5 Bxe2 13. Qxe2 Nd6 14. Bf4 Qc8
15. Nf3 Qg4 16. Bg5 Qe6 17. Rfe1 f6 18. Bf4 Rad8 19. a4 f5 20. Ng5 Qc4 21. e5
Ne4 22. Qxc4+ Nxc4 23. Ne6 Nxb2 24. Nxe4 fxe4 25. Nxf8 Bxf8 26. Rxe4 e6 27. g3
Rd7 28. a5 Nd3 29. Bd2 c5 30. dxc5 Nxc5 31. Re2 Nb3 32. Ra2 Nd4 33. Re3 Bc5 34.
Kg2 Nc6 35. Re4 Rd5 36. Bc3 Rd3 37. Rc4 b6 38. axb6 axb6 39. Ra8+ Kg7 40. Rc8
Ne7 41. Rc7 Kf7 42. Bb4 1-0

[Event "12sen.WM-H Naumburg"]
[Site "Naumburg/Saale(20.10.-03.11.)"]
[Date "2002.10.24"]
[Round "4"]
[White "Daniel, Wolfgang"]
[Black "Hoeschele, Hans_Ulrich"]
[Result "0-1"]
[WhiteElo "1885"]
[BlackElo "2159"]
[PlyCount "140"]
[EventDate "2002.11.??"]

1. e4 d6 2. d4 Nf6 3. Nc3 c6 4. Nf3 Nbd7 5. Be2 e5 6. O-O Be7 7. h3 Qc7 8. Be3
O-O 9. Nh2 exd4 10. Bxd4 d5 11. exd5 cxd5 12. Bf3 Nb6 13. Re1 Be6 14. Ng4 Qd8
15. Ne5 Rc8 16. Qd3 Bc5 17. Rad1 Re8 18. Ne2 Nbd7 19. Nxd7 Bxd4 20. Nxd4 Bxd7
21. Rxe8+ Qxe8 22. c3 Qe5 23. Nb3 Bc6 24. Qd4 Qxd4 25. Nxd4 Kf8 26. Re1 g6 27.
Re3 Re8 28. Rxe8+ Kxe8 29. Kf1 Kd7 30. Ke2 Kd6 31. Ke3 Nd7 32. Be2 Nc5 33. Bd1
Ne6 34. h4 h6 35. g3 Bd7 36. Bc2 Ng7 37. Bd3 g5 38. hxg5 hxg5 39. Bc2 Nh5 40.
Bd1 g4 41. Bc2 Ke5 42. Bd3 Ng7 43. Bc2 Ne8 44. b3 Nd6 45. f4+ gxf3 46. Nxf3+
Kf6 47. Bd3 Bf5 48. Nd2 Bxd3 49. Kxd3 Kf5 50. Nf1 Kg4 51. Kd4 Nb5+ 52. Kxd5
Nxc3+ 53. Ke5 Nxa2 54. Kf6 a5 55. Kxf7 Nc1 56. Nd2 Kxg3 57. Ke6 Kf2 58. Kd6 Ke2
59. Nc4 Nxb3 60. Nb6 Kd3 61. Kc7 Nc5 62. Kd6 Kd4 63. Kc7 Kc3 64. Kd6 Kb4 65.
Nd5+ Kc4 66. Nb6+ Kb5 67. Kc7 a4 68. Nd5 a3 69. Ne3 a2 70. Nc2 b6 0-1

[Event "12sen.WM-H Naumburg"]
[Site "Naumburg/Saale(20.10.-03.11.)"]
[Date "2002.10.24"]
[Round "4"]
[White "Davydov, Michael"]
[Black "Zunker, Reinhard_Dr"]
[Result "1-0"]
[WhiteElo "2038"]
[BlackElo "2203"]
[PlyCount "81"]
[EventDate "2002.11.??"]

1. e4 g6 2. d4 Bg7 3. Nc3 c6 4. Be3 d6 5. Qd2 Qa5 6. Nge2 Nf6 7. f3 b5 8. Nc1
Qc7 9. Bh6 Bxh6 10. Qxh6 Nbd7 11. Be2 Qb6 12. Nb3 a5 13. a4 b4 14. Nd1 e5 15.
Qe3 O-O 16. dxe5 dxe5 17. Qxb6 Nxb6 18. Nc5 Nfd7 19. Nxd7 Nxd7 20. Ne3 Nc5 21.
b3 Be6 22. O-O-O Rfd8 23. Bc4 Bd7 24. Rd6 Kf8 25. Rhd1 Ke7 26. Kb2 Nb7 27. R6d2
Be8 28. c3 Rxd2+ 29. Rxd2 Rd8 30. Rxd8 Kxd8 31. Ng4 Kc7 32. Nxe5 f6 33. Nd3
bxc3+ 34. Kxc3 Kd6 35. Kd4 c5+ 36. Ke3 Nd8 37. Nb2 Kc7 38. Bd5 Bc6 39. Bg8 h6
40. Nc4 Nb7 41. Kf4 1-0

[Event "12sen.WM-H Naumburg"]
[Site "Naumburg/Saale(20.10.-03.11.)"]
[Date "2002.10.24"]
[Round "4"]
[White "Demmer, Wolfgang"]
[Black "Scheide, Helmut"]
[Result "0-1"]
[WhiteElo "1753"]
[BlackElo "2014"]
[PlyCount "82"]
[EventDate "2002.11.??"]

1. e4 e5 2. Nf3 Nc6 3. Bb5 a6 4. Bxc6 dxc6 5. O-O Bg4 6. h3 h5 7. d3 Qf6 8.
Nbd2 g5 9. Re1 Bc5 10. hxg4 hxg4 11. Nb3 gxf3 12. Qxf3 Qh6 13. Qh3 Qxh3 14.
gxh3 Be7 15. Kg2 O-O-O 16. Nd2 Nf6 17. Nf3 g4 18. hxg4 Nxg4 19. Kf1 Rdg8 20.
Ke2 Bc5 21. Rf1 Rh3 22. Bd2 Rg6 23. Rh1 Nxf2 24. Rxh3 Nxh3 25. Rh1 Ng1+ 26.
Nxg1 Rxg1 27. Rxg1 Bxg1 28. Be3 Bxe3 29. Kxe3 Kd7 30. d4 exd4+ 31. Kxd4 Ke6 32.
b4 f6 33. a4 b6 34. c4 a5 35. bxa5 bxa5 36. c5 f5 37. Ke3 Ke5 38. exf5 Kxf5 39.
Kd4 Kf4 40. Kc3 Ke3 41. Kc4 Ke4 0-1

[Event "12sen.WM-H Naumburg"]
[Site "Naumburg/Saale(20.10.-03.11.)"]
[Date "2002.10.24"]
[Round "4"]
[White "Dietze, Otto"]
[Black "Fries, Karl_Heinz"]
[Result "1/2-1/2"]
[WhiteElo "2126"]
[BlackElo "1727"]
[PlyCount "28"]
[EventDate "2002.11.??"]

1. e4 d5 2. exd5 Qxd5 3. d4 Nf6 4. Nf3 Bg4 5. Be2 e6 6. O-O Bd6 7. Ne5 Bxe2 8.
Qxe2 Bxe5 9. dxe5 Nfd7 10. f4 Nc6 11. c3 O-O-O 12. Be3 Nb6 13. Bxb6 axb6 14.
Na3 Qd2 1/2-1/2

[Event "12sen.WM-H Naumburg"]
[Site "Naumburg/Saale(20.10.-03.11.)"]
[Date "2002.10.24"]
[Round "4"]
[White "Dille, Janis"]
[Black "Kosanski, Stanko"]
[Result "0-1"]
[WhiteElo "2158"]
[BlackElo "2386"]
[PlyCount "90"]
[EventDate "2002.11.??"]

1. e4 d6 2. d4 g6 3. Be3 Bg7 4. Nc3 c6 5. Qd2 b5 6. Bd3 Nd7 7. Nge2 Bb7 8. O-O
a6 9. a4 b4 10. Nd1 a5 11. c4 bxc3 12. bxc3 Ngf6 13. Bh6 O-O 14. Bxg7 Kxg7 15.
f4 c5 16. d5 Ba6 17. c4 Rb8 18. Ne3 Qc7 19. Nc3 Rb4 20. Nb5 Bxb5 21. axb5 Ra8
22. Qc3 Kg8 23. g4 h5 24. g5 Nh7 25. Nc2 Nhf8 26. Rae1 Nb6 27. Nxb4 cxb4 28.
Qd4 Nfd7 29. e5 Qc5 30. Qxc5 Nxc5 31. Rf3 a4 32. e6 fxe6 33. Bxg6 a3 34. Bc2
Nxc4 35. dxe6 d5 36. f5 Nd2 37. Rf2 Nde4 38. Bxe4 dxe4 39. f6 Nd3 40. fxe7 Nxe1
41. Rf8+ Rxf8 42. exf8=Q+ Kxf8 43. b6 Nf3+ 44. Kf2 Ne5 45. b7 Nc6 0-1

[Event "12sen.WM-H Naumburg"]
[Site "Naumburg/Saale(20.10.-03.11.)"]
[Date "2002.10.24"]
[Round "4"]
[White "Donchenko, Anatoli"]
[Black "Boehnisch, Manfred"]
[Result "1/2-1/2"]
[WhiteElo "2448"]
[BlackElo "2365"]
[PlyCount "49"]
[EventDate "2002.11.??"]

1. d4 d5 2. Nf3 Nf6 3. c4 c6 4. Qc2 g6 5. cxd5 cxd5 6. Bf4 Nc6 7. Nc3 Bg7 8. e3
O-O 9. h3 Bf5 10. Qb3 Na5 11. Qb4 h5 12. Rc1 Rc8 13. Be2 Re8 14. O-O Bf8 15.
Qa4 a6 16. Ne5 Nc4 17. b4 Nd2 18. Rfd1 Nde4 19. Nxe4 Nxe4 20. Qb3 e6 21. f3 Nd6
22. g4 hxg4 23. hxg4 g5 24. Rxc8 Qxc8 25. Bxg5 1/2-1/2

[Event "12sen.WM-H Naumburg"]
[Site "Naumburg/Saale(20.10.-03.11.)"]
[Date "2002.10.24"]
[Round "4"]
[White "Dorawa, Bernhard"]
[Black "Marzoll, Wolfgang"]
[Result "1/2-1/2"]
[WhiteElo "2148"]
[BlackElo "2325"]
[PlyCount "55"]
[EventDate "2002.11.??"]

1. e4 g6 2. Nc3 Bg7 3. d4 c6 4. Be3 d5 5. Qd2 Nf6 6. e5 Ng4 7. Bf4 f6 8. Nf3
fxe5 9. Nxe5 O-O 10. Nxg4 Bxg4 11. f3 Bc8 12. O-O-O Nd7 13. Bh6 Bxh6 14. Qxh6
e5 15. dxe5 Nxe5 16. Qe3 Qf6 17. h4 Qf4 18. Qxf4 Rxf4 19. Re1 Nd7 20. Bd3 Nc5
21. Re8+ Rf8 22. Rhe1 Rxe8 23. Rxe8+ Kf7 24. Re5 Be6 25. Kd2 Re8 26. a3 a5 27.
f4 b5 28. Ne2 1/2-1/2

[Event "12sen.WM-H Naumburg"]
[Site "Naumburg/Saale(20.10.-03.11.)"]
[Date "2002.10.24"]
[Round "4"]
[White "Dornieden, Manfred_Dr"]
[Black "Fotland, Hans_Christian"]
[Result "1/2-1/2"]
[WhiteElo "2299"]
[BlackElo "1819"]
[PlyCount "156"]
[EventDate "2002.11.??"]

1. c4 Nf6 2. g3 e6 3. Bg2 d5 4. Nf3 Bd6 5. O-O O-O 6. d3 c6 7. Nc3 Nbd7 8. e4
dxe4 9. dxe4 Qc7 10. h3 Bb4 11. Qc2 Bxc3 12. bxc3 b6 13. Re1 e5 14. Nh4 Ba6 15.
Ba3 c5 16. Qa4 Bb7 17. Nf5 Rfe8 18. Qc2 Rad8 19. Ne3 Re7 20. Bc1 Qc6 21. Nd5
Nxd5 22. cxd5 Qd6 23. c4 Nf6 24. a4 Ba6 25. Rb1 Rb8 26. Kh2 Ne8 27. Be3 Reb7
28. Rec1 Qc7 29. Qc3 f6 30. f3 Nd6 31. Bf1 Kf7 32. Qa3 Rc8 33. h4 g6 34. Qc3
Rcb8 35. Ra1 Ra8 36. Rc2 Rbb8 37. a5 Bc8 38. axb6 Rxb6 39. Rca2 a6 40. Qa5 Nb7
41. Qd2 Bd7 42. Qf2 Qd6 43. f4 Kg7 44. Be2 Rf8 45. Rf1 Qe7 46. fxe5 Qxe5 47.
Bxc5 Nxc5 48. Qxc5 Rb3 49. Rf3 Rfb8 50. Qf2 Rb2 51. Rxb2 Rxb2 52. Qe3 Rxe2+ 53.
Qxe2 Bg4 54. Qf2 Bxf3 55. Qxf3 Qd4 56. Qe2 a5 57. Qc2 a4 58. c5 a3 59. c6 Qb2
60. Qg2 Qc1 61. Qf2 Qb2 62. Qg2 Qc1 63. h5 Qc4 64. h6+ Kxh6 65. Qd2+ Kg7 66. d6
a2 67. d7 a1=Q 68. d8=Q Qaa2 69. Q8d7+ Kf8 70. Qxa2 Qxa2+ 71. Kh3 Qc4 72. Qd8+
Kg7 73. Qe7+ Kg8 74. Qxf6 Qxe4 75. Qd8+ Kf7 76. Qd7+ Kf8 77. c7 Qh1+ 78. Kg4
Qe4+ 1/2-1/2

[Event "12sen.WM-H Naumburg"]
[Site "Naumburg/Saale(20.10.-03.11.)"]
[Date "2002.10.24"]
[Round "4"]
[White "Duemmke, Juergen"]
[Black "Bleher, Walter"]
[Result "0-1"]
[WhiteElo "2191"]
[BlackElo "1895"]
[PlyCount "106"]
[EventDate "2002.11.??"]

1. d4 Nf6 2. Nf3 g6 3. Bf4 Bg7 4. e3 O-O 5. Be2 d6 6. O-O c5 7. c3 Qb6 8. Na3
Be6 9. Ng5 Bd5 10. c4 Bc6 11. d5 Bd7 12. Qb3 Qxb3 13. axb3 h6 14. Nf3 Nh5 15.
Nb5 Nxf4 16. exf4 Na6 17. Rfe1 Bxb2 18. Ra2 Bf6 19. Nd2 Nb4 20. Rxa7 Rxa7 21.
Nxa7 Ra8 22. Nb5 Bxb5 23. cxb5 Nxd5 24. Bf3 Nb4 25. Bxb7 Rb8 26. Bc6 Bc3 27.
Re2 Bxd2 28. Rxd2 Nxc6 29. bxc6 Rxb3 30. g3 Rb6 31. Re2 e6 32. f5 gxf5 33. c7
Rc6 34. Rd2 d5 35. Kg2 Rxc7 36. Kf3 f6 37. Kf4 c4 38. Ke3 c3 39. Rd1 c2 40. Rc1
Kf7 41. Kd4 Rc4+ 42. Kd3 e5 43. f3 Ke6 44. Rxc2 Rxc2 45. Kxc2 Kd6 46. Kc3 Kc5
47. h3 d4+ 48. Kd3 Kd5 49. Kd2 Kc4 50. h4 d3 51. h5 e4 52. g4 fxg4 53. fxg4 Kd4
0-1

[Event "12sen.WM-H Naumburg"]
[Site "Naumburg/Saale(20.10.-03.11.)"]
[Date "2002.10.24"]
[Round "4"]
[White "Ehlert, Joachim"]
[Black "Niebling, Ferdinand"]
[Result "0-1"]
[WhiteElo "1856"]
[BlackElo "2131"]
[PlyCount "52"]
[EventDate "2002.11.??"]

1. e4 c5 2. Nf3 Nc6 3. d4 cxd4 4. Nxd4 Nf6 5. Nc3 e5 6. Nf3 Bb4 7. Nd2 O-O 8.
a3 Bxc3 9. bxc3 d5 10. Bd3 Be6 11. O-O Qc7 12. Qf3 Rac8 13. exd5 Bxd5 14. Ne4
Nxe4 15. Bxe4 Bxe4 16. Qxe4 f5 17. Qe3 b6 18. Re1 Rfe8 19. Qf3 Qf7 20. Rb1 e4
21. Qf4 Ne7 22. Rb3 Nd5 23. Qd2 Red8 24. Qg5 Rd7 25. Qg3 Rc6 26. Rd1 Nf4 0-1

[Event "12sen.WM-H Naumburg"]
[Site "Naumburg/Saale(20.10.-03.11.)"]
[Date "2002.10.24"]
[Round "4"]
[White "Eidam, Horst"]
[Black "Kelchner, Hans"]
[Result "0-1"]
[WhiteElo "1862"]
[BlackElo "2149"]
[PlyCount "86"]
[EventDate "2002.11.??"]

1. c4 c5 2. g3 e6 3. Bg2 d5 4. e3 Nc6 5. Ne2 Ne5 6. O-O Nxc4 7. d4 Be7 8. e4
Nb6 9. exd5 Nxd5 10. dxc5 Bxc5 11. Bxd5 exd5 12. Nf4 Ne7 13. b4 Bb6 14. Bb2 O-O
15. Nc3 Be6 16. Nxe6 fxe6 17. Qg4 Nf5 18. Rae1 Qd7 19. Ne2 Rae8 20. Nd4 e5 21.
Nxf5 Qxf5 22. Qxf5 Rxf5 23. Kg2 e4 24. a4 Rff8 25. Re2 a6 26. a5 Ba7 27. Bc1 h5
28. h4 Rf3 29. Bf4 Bb8 30. Bxb8 Rxb8 31. Rd1 Rf5 32. Red2 Rbf8 33. Rxd5 Rxf2+
34. Kh3 R8f5 35. Rxf5 Rxf5 36. Re1 Re5 37. g4 Kf7 38. Re3 Ke6 39. Kg3 Kd5 40.
Kf4 hxg4 41. Kxg4 Kd4 42. Re1 e3 43. Kf4 e2 0-1

[Event "12sen.WM-H Naumburg"]
[Site "Naumburg/Saale(20.10.-03.11.)"]
[Date "2002.10.24"]
[Round "4"]
[White "Eidelmann, Vova"]
[Black "Potthammel, Joerg"]
[Result "1-0"]
[WhiteElo "1845"]
[BlackElo "2111"]
[PlyCount "81"]
[EventDate "2002.11.??"]

1. d4 Nf6 2. c4 e6 3. Nf3 b6 4. Nc3 Bb7 5. Bg5 Bb4 6. Qc2 h6 7. Bxf6 Qxf6 8. e4
Qg6 9. Nd2 Bxc3 10. bxc3 d6 11. g3 f5 12. Bg2 f4 13. Qa4+ Bc6 14. Qd1 e5 15.
O-O O-O 16. Qe1 Nd7 17. Bh3 Nf6 18. Bf5 Qh5 19. Qd1 Qxd1 20. Raxd1 g5 21. f3
Bd7 22. g4 Bxf5 23. exf5 Rae8 24. Rfe1 exd4 25. cxd4 Kf7 26. d5 Re5 27. Rxe5
dxe5 28. Re1 Re8 29. a4 a5 30. Kf2 Re7 31. Re2 Ke8 32. Ke1 Kd7 33. Kd1 Kd6 34.
Kc2 h5 35. h3 hxg4 36. hxg4 Rh7 37. Kd3 Rh1 38. Ne4+ Nxe4 39. Kxe4 Rd1 40. f6
Rd4+ 41. Kf5 1-0

[Event "12sen.WM-H Naumburg"]
[Site "Naumburg/Saale(20.10.-03.11.)"]
[Date "2002.10.24"]
[Round "4"]
[White "Fiedler, Eduard"]
[Black "Kraemer, Franz_Josef"]
[Result "1/2-1/2"]
[WhiteElo "1597"]
[BlackElo "1801"]
[PlyCount "51"]
[EventDate "2002.11.??"]

1. e4 e5 2. Nf3 Nf6 3. Bc4 d6 4. d3 Bg4 5. Bg5 Nbd7 6. Nbd2 Be7 7. h3 Be6 8.
Be3 d5 9. exd5 Nxd5 10. O-O f5 11. Bxd5 Bxd5 12. Nc4 f4 13. Bd2 Bxc4 14. dxc4
e4 15. Nh2 O-O 16. Qg4 Bf6 17. Bxf4 Bxb2 18. Rad1 Rf7 19. Bg5 Qe8 20. Rfe1 Nc5
21. Be3 Be5 22. Bxc5 Bxh2+ 23. Kxh2 Qe5+ 24. Qg3 Qxc5 25. Rxe4 Qxf2 26. Qd3
1/2-1/2

[Event "12sen.WM-H Naumburg"]
[Site "Naumburg/Saale(20.10.-03.11.)"]
[Date "2002.10.24"]
[Round "4"]
[White "Filzmaier, Bruno"]
[Black "Becker, Karl_Heinz[31Dorm]"]
[Result "1-0"]
[WhiteElo "2012"]
[BlackElo "1562"]
[PlyCount "81"]
[EventDate "2002.11.??"]

1. a3 Nf6 2. e3 g6 3. d4 d5 4. Nf3 Bg7 5. b4 c6 6. c4 O-O 7. Bb2 e6 8. Nbd2
Nbd7 9. h3 Re8 10. Be2 Ne4 11. O-O f5 12. Qc2 Ndf6 13. Nb3 Bd7 14. Ne5 b6 15.
Rac1 Rc8 16. Qb1 dxc4 17. Rxc4 Nd5 18. Nxd7 Qxd7 19. Rfc1 Bf8 20. Bd3 Nd6 21.
R4c2 Nb7 22. Nd2 b5 23. Nf3 Bg7 24. g3 a6 25. Bf1 Nd6 26. Ne1 Nb7 27. Nd3 Nb6
28. Nc5 Nxc5 29. dxc5 Nd5 30. Bg2 Rcd8 31. Rd2 Qf7 32. Rcd1 Bxb2 33. Qxb2 Qg7
34. Qxg7+ Kxg7 35. f3 Rc8 36. e4 fxe4 37. fxe4 Ne3 38. Rd7+ Kf6 39. R1d3 Nxg2
40. Kxg2 Re7 41. Rf3+ 1-0

[Event "12sen.WM-H Naumburg"]
[Site "Naumburg/Saale(20.10.-03.11.)"]
[Date "2002.10.24"]
[Round "4"]
[White "Flores_Escuin, Sadurni"]
[Black "Vucenovic, Dragomir"]
[Result "1/2-1/2"]
[WhiteElo "2078"]
[BlackElo "2279"]
[PlyCount "110"]
[EventDate "2002.11.??"]

1. e4 e5 2. Nf3 Nc6 3. Bc4 Nf6 4. d3 Bc5 5. O-O d6 6. Bg5 h6 7. Bh4 a6 8. c3
Ba7 9. h3 Qe7 10. Nbd2 g5 11. Bg3 Nh5 12. Kh2 Nf4 13. Bxf4 gxf4 14. Qe2 Be6 15.
Bxe6 fxe6 16. Rg1 O-O-O 17. g3 fxg3+ 18. Rxg3 Rhg8 19. Rag1 Rxg3 20. Rxg3 Qf6
21. Kg2 Rf8 22. Nf1 Ne7 23. N1h2 Ng6 24. Qd2 Nf4+ 25. Kh1 h5 26. h4 d5 27. exd5
exd5 28. d4 e4 29. Ng5 Qe7 30. Qe3 c6 31. f3 Nd3 32. fxe4 dxe4 33. Kg1 Bb8 34.
Rg2 Re8 35. Qh3+ Qd7 36. Qxd7+ Kxd7 37. Re2 e3 38. Nf1 Bf4 39. Nh3 Bh6 40. Ng5
Bxg5 41. hxg5 Nxb2 42. Rxe3 Rxe3 43. Nxe3 Na4 44. c4 Nc3 45. d5 cxd5 46. Nxd5
Ke8 47. Kg2 Kf8 48. Nf4 Kg7 49. Nxh5+ Kg6 50. Nf4+ Kxg5 51. Nd3 Ne4 52. Kf3 Nd6
53. c5 Nb5 54. Nb4 Nd4+ 55. Ke3 Nc6 1/2-1/2

[Event "12sen.WM-H Naumburg"]
[Site "Naumburg/Saale(20.10.-03.11.)"]
[Date "2002.10.24"]
[Round "4"]
[White "Franke, Helmut"]
[Black "Frauenfelder, Rudolf"]
[Result "1-0"]
[WhiteElo "1759"]
[BlackElo "2151"]
[PlyCount "179"]
[EventDate "2002.11.??"]

1. e4 c5 2. Nf3 Nc6 3. d4 cxd4 4. Nxd4 g6 5. Be3 Nf6 6. Nc3 Bg7 7. Qd2 O-O 8.
Be2 d5 9. O-O Nxe4 10. Nxe4 dxe4 11. Rad1 Nxd4 12. Bxd4 Qxd4 13. Qxd4 Bxd4 14.
Rxd4 Be6 15. Rxe4 Rfd8 16. Bd3 Rac8 17. b3 Rc7 18. Re3 Rc3 19. h3 Kf8 20. Rfe1
b6 21. Be4 Rdc8 22. Rxc3 Rxc3 23. Re3 Rxe3 24. fxe3 h6 25. Kf2 Ke8 26. Bc6+ Kd8
27. e4 f6 28. Ke3 Kc7 29. Be8 g5 30. Bg6 Kd6 31. Kd4 Bg8 32. a4 a5 33. c4 Be6
34. g4 Bd7 35. Bf7 Bc6 36. Bg6 Bb7 37. Bh7 e6 38. Bg6 Bc6 39. Bf7 Bd7 40. Bg6
Bc8 41. Bh7 Bd7 42. Bg6 Bc6 43. Bf7 e5+ 44. Kd3 Kc5 45. Bg6 Kb4 46. Kc2 Bd7 47.
Bf7 Bc6 48. Bg6 Bb7 49. Bf5 Bc6 50. Bg6 Kc5 51. Kc3 Bd7 52. Bf7 Kd6 53. Bg6 Ke7
54. Bh5 Kf8 55. Bg6 Ke7 56. Bh5 Be6 57. Bg6 Bg8 58. Bf5 Bf7 59. Bc8 Kd6 60. Bf5
Kc5 61. Bh7 h5 62. Bf5 hxg4 63. hxg4 Bg8 64. Bc8 Bh7 65. Bb7 Bg6 66. Bd5 Be8
67. Be6 Bg6 68. Bd5 Kd6 69. Bb7 Kc7 70. Bd5 Kd6 71. Bb7 Bh7 72. b4 Bg6 73. c5+
Kc7 74. Bd5 Be8 75. Bb3 Bd7 76. Bd1 Kc6 77. cxb6 Kxb6 78. b5 Be6 79. Be2 Kc5
80. Bd1 Bc4 81. Bf3 Bf1 82. Bd1 Bg2 83. Kd3 Bh1 84. Ke3 Bg2 85. Be2 f5 86. gxf5
g4 87. Bxg4 Bf1 88. Be2 Bh3 89. Kf3 Kd4 90. b6 1-0

[Event "12sen.WM-H Naumburg"]
[Site "Naumburg/Saale(20.10.-03.11.)"]
[Date "2002.10.24"]
[Round "4"]
[White "Franz, Siegfried"]
[Black "Oelert, Ralf"]
[Result "1-0"]
[WhiteElo "1794"]
[BlackElo "2077"]
[PlyCount "51"]
[EventDate "2002.11.??"]

1. e4 e5 2. Nf3 f5 3. Nxe5 Qf6 4. Nc4 fxe4 5. Nc3 Qg6 6. f3 exf3 7. Qxf3 c6 8.
d3 d5 9. Qe3+ Qe6 10. Qxe6+ Bxe6 11. Ne5 Nd7 12. Bf4 Bb4 13. a3 Ba5 14. b4 Bb6
15. Kd2 Bf2 16. Be2 Ngf6 17. Raf1 Bd4 18. Nxd7 Bxd7 19. Nd1 O-O 20. c3 Bb6 21.
h3 a5 22. Kc2 d4 23. c4 axb4 24. axb4 Ra4 25. Nb2 Re8 26. Nxa4 1-0

[Event "12sen.WM-H Naumburg"]
[Site "Naumburg/Saale(20.10.-03.11.)"]
[Date "2002.10.24"]
[Round "4"]
[White "Fronczek, Heinrich"]
[Black "Didu, Kaplan"]
[Result "0-1"]
[WhiteElo "2272"]
[BlackElo "2076"]
[PlyCount "45"]
[EventDate "2002.11.??"]

1. d4 Nf6 2. c4 e6 3. Nf3 d5 4. Nc3 Be7 5. Bg5 c6 6. e3 O-O 7. Rc1 dxc4 8. Bxc4
b5 9. Bd3 Bb7 10. O-O Nbd7 11. Bb1 c5 12. Qe2 Rc8 13. Rfd1 c4 14. a3 Qc7 15.
Bh4 Rfe8 16. e4 Qf4 17. Bg3 Qg4 18. h3 Qh5 19. Qe3 a5 20. Ne2 b4 21. axb4 axb4
22. Ne5 Nxe5 23. dxe5 0-1

[Event "12sen.WM-H Naumburg"]
[Site "Naumburg/Saale(20.10.-03.11.)"]
[Date "2002.10.24"]
[Round "4"]
[White "Gaspariants, Garry"]
[Black "Rudnik, Heinz"]
[Result "1-0"]
[WhiteElo "2240"]
[BlackElo "2068"]
[PlyCount "133"]
[EventDate "2002.11.??"]

1. Nf3 Nf6 2. b3 c5 3. e3 d5 4. Bb2 Nc6 5. Bb5 Bd7 6. O-O e6 7. c4 a6 8. Bxc6
Bxc6 9. Ne5 Bd6 10. Nxc6 bxc6 11. Qf3 O-O 12. d3 Nd7 13. Nd2 f5 14. Qe2 Qh4 15.
f4 g5 16. Nf3 Qh5 17. Nd4 Qxe2 18. Nxe2 h6 19. Rac1 a5 20. g3 Rfb8 21. Rc2 a4
22. bxa4 Rxa4 23. Nc3 Ra6 24. Bc1 Rb4 25. Rd1 Be7 26. e4 fxe4 27. dxe4 Rxc4 28.
Rdd2 d4 29. Nd1 Rca4 30. Kg2 Nf6 31. Nf2 gxf4 32. gxf4 Kf7 33. Kf3 Ra8 34. Nd3
Nd7 35. Nf2 h5 36. e5 Nb6 37. Ne4 Nc4 38. Rd1 Rd8 39. Rd3 Rg8 40. Kf2 Rga8 41.
Kf3 Rg8 42. Kf2 Rb8 43. Ke2 Rb5 44. Rh3 h4 45. Rd3 Nb6 46. Kf3 Nd5 47. a3 Nb6
48. Kg4 Rc4 49. Rdd2 Rxc2 50. Rxc2 c4 51. a4 Ra5 52. Rb2 Bd8 53. Nd6+ Ke7 54.
Nb7 Ra6 55. f5 c3 56. f6+ Kf8 57. Rf2 d3 58. Bh6+ Kf7 59. Nxd8+ Kg6 60. f7 Nd7
61. f8=Q Nxf8 62. Rf6+ Kh7 63. Nf7 Nd7 64. Ng5+ Kg8 65. Rg6+ Kh8 66. Nf7+ Kh7
67. Rg7# 1-0

[Event "12sen.WM-H Naumburg"]
[Site "Naumburg/Saale(20.10.-03.11.)"]
[Date "2002.10.24"]
[Round "4"]
[White "Giering, Helmut"]
[Black "Weigel, Helmut"]
[Result "1-0"]
[WhiteElo "1714"]
[BlackElo "1581"]
[PlyCount "128"]
[EventDate "2002.11.??"]

1. Nf3 d5 2. b3 Nf6 3. Bb2 e6 4. e3 c5 5. Bb5+ Bd7 6. Bxd7+ Nbxd7 7. O-O Be7 8.
d3 O-O 9. Nbd2 Qc7 10. c4 Rfe8 11. Rc1 b6 12. cxd5 exd5 13. Rc2 Rac8 14. Qa1
Bd6 15. g3 Qd8 16. Rfc1 Qe7 17. Nd4 Be5 18. N2f3 Qf8 19. Ba3 Bd6 20. Nf5 Rc7
21. Nxd6 Qxd6 22. d4 Rec8 23. dxc5 bxc5 24. Qc3 Ne4 25. Qd3 Qe6 26. Bb2 Nef6
27. b4 c4 28. Qf1 Nb6 29. Nd4 Qd7 30. Qe1 Re8 31. Ne2 Ne4 32. Bd4 Ng5 33. Kh1
Qh3 34. Nf4 Qf5 35. Qf1 Qe4+ 36. Qg2 Nf3 37. Nh5 f5 38. Bxg7 Rc6 39. Nf6+ Rxf6
40. Bxf6 Re6 41. Bd8 Rh6 42. h4 Rc6 43. Bg5 h5 44. Rc3 Nc8 45. b5 Rd6 46. a4
Kf7 47. a5 Ke8 48. R1c2 Kd7 49. Rb2 Ke8 50. Bf4 Rg6 51. Bc7 Kd7 52. b6 axb6 53.
axb6 Nxb6 54. Bxb6 Qg4 55. Ra3 Kc8 56. Bc5 Nxh4 57. Ra8+ Kc7 58. Rb7+ Kxb7 59.
Qxd5+ Rc6 60. Ra7+ Kb8 61. Qxc6 Qd1+ 62. Kh2 Nf3+ 63. Kg2 Qg1+ 64. Kxf3 Qh1+
1-0

[Event "12sen.WM-H Naumburg"]
[Site "Naumburg/Saale(20.10.-03.11.)"]
[Date "2002.10.24"]
[Round "4"]
[White "Goy, Udo"]
[Black "Hansen, Hans"]
[Result "1-0"]
[WhiteElo "2193"]
[BlackElo "1871"]
[PlyCount "74"]
[EventDate "2002.11.??"]

1. d4 d5 2. Nf3 Nf6 3. c4 e6 4. Nc3 c6 5. e3 Nbd7 6. Bd3 dxc4 7. Bxc4 b5 8. Bd3
Bb7 9. O-O a6 10. b3 c5 11. Bb2 Be7 12. Qe2 O-O 13. Rfd1 Qb6 14. a4 b4 15. Nb1
a5 16. Nbd2 cxd4 17. Nc4 Qa6 18. Bxd4 Nc5 19. Bxc5 Bxc5 20. e4 Rfd8 21. e5 Bxf3
22. Qxf3 Nd5 23. Be4 Nc3 24. Bxa8 Rxd1+ 25. Rxd1 Nxd1 26. Bb7 Qa7 27. Qxd1 Qxb7
28. Qd8+ Bf8 29. h3 Qe4 30. f3 Qb1+ 31. Kh2 Qxb3 32. Nb6 Qe3 33. Nd7 Qf4+ 34.
Kg1 Qe3+ 35. Kf1 Qc1+ 36. Kf2 Qd2+ 37. Kg3 h6 1-0